<?xml version="1.0" encoding="UTF-8"?>
<marc:record xmlns:marc="http://www.loc.gov/MARC21/slim">
   <marc:leader>00000nam a2200000 a 4500</marc:leader>
   <marc:datafield ind1="1" ind2=" " tag="100">
      <marc:subfield code="a">Gschwendtner, Herbert</marc:subfield>
      <marc:subfield code="4">aut</marc:subfield>
      <marc:subfield code="e">Verfasser/-in</marc:subfield>
   </marc:datafield>
   <marc:datafield ind1="1" ind2=" " tag="100">
      <marc:subfield code="a">Schamberger, Fiona</marc:subfield>
      <marc:subfield code="4">trl</marc:subfield>
      <marc:subfield code="e">Übersetzer/-in</marc:subfield>
   </marc:datafield>
   <marc:datafield ind1=" " ind2=" " tag="653">
      <marc:subfield code="a">Geschichte</marc:subfield>
   </marc:datafield>
   <marc:datafield ind1=" " ind2=" " tag="653">
      <marc:subfield code="a">Großglockner-Hochalpenstraße</marc:subfield>
   </marc:datafield>
   <marc:datafield ind1="0" ind2="0" tag="245">
      <marc:subfield code="a">Erlebnis Großglockner-Hochalpenstraße</marc:subfield>
   </marc:datafield>
   <marc:datafield ind1="0" ind2="0" tag="245">
      <marc:subfield code="c">[Hrsg.: Großglockner-Hochalpenstraßen-AG]. Herbert Gschwendtner. [Engl. Übers.: Fiona Schamberger]</marc:subfield>
   </marc:datafield>
   <marc:datafield ind1=" " ind2="1" tag="264">
      <marc:subfield code="a">Salzburg</marc:subfield>
      <marc:subfield code="b">Pustet</marc:subfield>
      <marc:subfield code="c">2012</marc:subfield>
   </marc:datafield>
   <marc:datafield ind1="1" ind2=" " tag="520">
      <marc:subfield code="a">Schöne Aussichten Reisejournalisten, Naturliebhaber und Weltenbummler bezeichnen Sie als eine der schönsten Panoramastraßen der Welt – die serpentinenreiche, 48 Kilometer lange Straße über die Hohen Tauern. Wo einst Säumer, Schwarzgeher und Schmuggler im Hochgebirge Kopf und Kragen riskierten, trifft man heute auf Reisende, Biker, Alpinisten und Gletscherforscher. Was viele nicht wissen: Die Großglockner Hochalpenstraße erschließt eine Erlebniswelt, die den Nationalpark Hohe Tauern von seinen schönsten Seiten zeigt. Herbert Gschwendtner begleitet uns dorthin. Er beschreibt Wanderrouten, Pflanzen und Tierwelt vor dem Hintergrund des Großglockners und der Pasterze. Er führt uns zu Themenwegen, Hütten und Almen, spürt historischen und kulinarischen Schmankerln nach. Die Texte in diesem Bildband sind in deutscher und englischer Sprache. Großglockner Hochalpenstraße – ein Weg in die Welt der Dreitausender.</marc:subfield>
   </marc:datafield>
   <marc:datafield ind1=" " ind2=" " tag="020">
      <marc:subfield code="a">9783702506742</marc:subfield>
      <marc:subfield code="9">9783702506742</marc:subfield>
   </marc:datafield>
   <marc:datafield ind1=" " ind2=" " tag="041">
      <marc:subfield code="a">ger</marc:subfield>
   </marc:datafield>
   <marc:datafield ind1=" " ind2=" " tag="300">
      <marc:subfield code="b">zahlr. Ill., Kt.</marc:subfield>
   </marc:datafield>
   <marc:datafield ind1=" " ind2=" " tag="542">
      <marc:subfield code="d">Großglockner-Hochalpenstraßen-AG, Salzburg</marc:subfield>
   </marc:datafield>
   <marc:datafield ind1="1" ind2=" " tag="521">
      <marc:subfield code="a">0</marc:subfield>
   </marc:datafield>
   <marc:datafield ind1=" " ind2=" " tag="300">
      <marc:subfield code="a">143 S.</marc:subfield>
   </marc:datafield>
</marc:record>
